50 rokov katedier a ústavov telesnej výchove a športu na vysokých školách a univerzitách zborník referátov z vedeckého seminára, Bratislava, 29.05.2002

Bibliographic Details
Format: Book
Language:Slovak
Czech
PhysicalDescription:159 strán grafy, tabuľky 21 cm
Published: V Bratislave Slovenská technická univerzita 2002
ISBN:8022716898
Edition:[1. vydanie]
Subjects:

MARC

LEADER 00000cam a2200000 a 4500
001 vtls001449592
003 SK-MaSNL
005 20260301073055.0
008 240226s2002 xo dl grn 000 0 slo
015 |a SNBA2003/10-03639 
020 |a 8022716898 
035 |a SNK000404872 
035 |a urn:nbn:sk:snk-am3j0qy 
035 |a 582AB08E-48AC-4415-890D-17566F8DEBB4 
035 |a urn:nbn:sk:snk-am00ge82 
040 |a SNK  |b slo  |c SNK  |e AACR2 
041 0 |a slo  |a cze  |b cze  |b eng  |b ger 
043 |a e-xo--- 
044 |a xo  |c SK 
072 7 |a 796  |x Šport. Hry. Telesné cvičenia  |2 konspekt 
072 7 |a 378  |x Vysoké školy  |2 konspekt 
080 |a 37.016:796/799  |2 2011 
080 |a 37.018.8  |2 2011 
080 |a 378  |2 2011 
080 |a (082.2)  |2 2011 
080 |a (082)  |2 2011 
245 0 0 |a 50 rokov katedier a ústavov telesnej výchove a športu na vysokých školách a univerzitách  |b zborník referátov z vedeckého seminára, Bratislava, 29.05.2002 
246 3 |a Päťdesiat rokov katedier a ústavov telesnej výchovy a športu na vysokých školách a univerzitách 
250 |a [1. vydanie] 
260 |a V Bratislave  |b Slovenská technická univerzita  |c 2002 
300 |a 159 strán  |b grafy, tabuľky  |c 21 cm 
504 |a Obsahuje bibliografické odkazy 
546 |a Anglické, české a nemecké resumé ; čiastočný text v češtine 
650 0 7 |a telesná výchova  |2 SNKPH  |9 708 
650 0 7 |a vyučovanie  |2 SNKPH  |9 1522 
650 0 7 |a vysoké školy  |2 SNKPH  |9 1277 
655 7 |a jubilejné publikácie  |2 SNKPH  |9 70339 
655 7 |a zborníky  |2 SNKPH  |9 70165 
752 |a Slovensko  |d Bratislava 
919 |a 80-227-1689-8 
958 |a OND 
999 |c 643049  |d 644979 
952 |t P60, <04>, [BOOK], {604}  |a SNK  |b SNK  |y VYP  |7 0  |p 17A0375175  |o snkSC 110826 D1  |i snkKSP 2364/2003  |0 0  |1 0  |4 0  |d 2003-02-14  |l 0  |r 2005-01-02 00:00:00  |w 2026-02-23 
952 |t P60, <03>, [BOOK], {603}  |a SNK  |b SNK  |y PREZ  |7 0  |p 17A0375174  |o snkSC 110826  |i snkKSP 2363/2003  |0 0  |1 0  |4 0  |d 2003-02-14  |f 1  |l 0  |r 2025-10-01 00:00:00  |w 2026-02-23